El imperio de una sombra (Record no. 132423)

MARC details
000 -LEADER
campo de control de longitud fija 00509nam a2200157 4500
001 - NÚMERO DE CONTROL
campo de control 132423
003 - IDENTIFICADOR DE NÚMERO DE CONTROL
campo de control ES-MaACL
007 - CAMPO FIJO DE DESCRIPCIÓN FÍSICA--INFORMACIÓN GENERAL
campo de control de longitud fija t|
008 - DATOS DE LONGITUD FIJA--INFORMACIÓN GENERAL
campo de control de longitud fija 070214s1930 sp r ||||1| spa d
100 1# - ENTRADA PRINCIPAL--NOMBRE DE PERSONA
Nombre de persona Rollin, León.
9 (RLIN) 99191
245 13 - MENCIÓN DEL TÍTULO
Título El imperio de una sombra
Resto del título : (Monroe y la América Latina) /
Mención de responsabilidad, etc. León Rollin ; traducción del francés por Javier Bueno.
260 ## - PUBLICACIÓN, DISTRIBUCIÓN, ETC.
Lugar de publicación, distribución, etc. Madrid :
Nombre del editor, distribuidor, etc. [s.n.],
Fecha de publicación, distribución, etc. 1930 (
Fabricante Gráf. Socialista)
300 ## - DESCRIPCIÓN FÍSICA
Extensión 256 p. ;
Dimensiones 19 cm.
700 1# - ENTRADA AGREGADA--NOMBRE PERSONAL
Nombre de persona Bueno, Javier.
9 (RLIN) 32376
852 ## - LOCALIZACIÓN
Ubicación ES-MaACL
Número de control de estantería B-9062
Holdings
Estatus retirado Estado de pérdida Estado de daño No para préstamo Biblioteca de origen Biblioteca actual Ubicación en estantería Fecha de adquisición Fuente de adquisición Total de préstamos Signatura topográfica completa Código de barras Visto por última vez Precio de reemplazo Tipo de ítem Koha
        Biblioteca del Ateneo de Madrid Biblioteca del Ateneo de Madrid Sala Pardo Bazán 17/01/2008     B-9062 1137868 23/02/2023 23/02/2023 Libro impreso